1970 1856 1202 1820 1730 1244 1415 1294 1819 1907 1938 1963 1476 1220 1986 1985 1262 1448 1970 1844 1649 1132 1948 1656 1079 1332 1894 1244 1474 1043 1789 1415 1868 1516 1131 1535 1448 1844 1094 1160 1062 1189 1789 1326 1899 1722 1396 1738 1000 1100 1612 1912 1303 1455 1254 1570 1108 1272 1193 1159 1968 1779 1018 1628 1769 1150 1363 1441 1817 1062 1511 1386 1392 1517 1256 1678 1557 1588 1973 1594 1943 1122 1807 1972 1459 1694 1667 1590 1739 1646 1783 1219 1781 1915 1021 1495 1254 1270 1181 BCNSPRNW ULIB Ver.6.0+V

เปลี่ยนเป็นภาษาไทย

Change to English
 แสดงรายละเอียดบรรณานุกรม
  กลับหน้าหลัก

Brief Record : Get Marc (ISO 2709) : E-mail record : QR code < ปิดหน้าต่าง
LEADER : 00000nam 2200000uu 4500
001    13399107898
003     ULIB
008    110209s2544||||th 000 0 tha d
020    9748059316
060 04 WP100^bน262น 2544
245 00 นรีเวชวิทยา /^cสมบูรณ์ คุณาธิคม, สุวนิตย์ ธีระศักดิ์วิชยา,ภาคภูมิ โพธิ์พงษ์, บรรณาธิการ
250    พิมพ์ครั้งที่ 2
260    กรุงเทพฯ :^bภาควิชาสูติศาสตร์-นรีเวชวิทยาคณะแพทยศาสตร์ศิริราชพยาบาล มหาวิทยาลัยมหิดล,^c2544
300    [9], 512 หน้า :^bภาพประกอบ,^c29 ซม.
504    ดรรชนี
650  7 นรีเวชวิทยา
653    ผลงานอาจารย์คณะแพทยศาสตร์ศิริราชพยาบาล
700 0  สมบูรณ์ คุณาธิคม,^eบรรณาธิการ
700 0  สุวนิตย์ ธีระศักดิ์วิชยา,^eบรรณาธิการ
700 0  ภาคภูมิ โพธิ์พงษ์,^eบรรณาธิการ
710 2  มหาวิทยาลัยมหิดล. ^bคณะแพทยศาสตร์ศิริราชพยาบาล.^bภาควิชาสูติศาสตร์-นรีเวชวิทยา
945    ^p280^l0^i017115
945    ^p280^l0^i017114
945    ^p280^l0^i016276
945    ^p280^l0^i016277
945    ^p280^l0^i016278
945    ^p280^l0^i017113
995    ทศพร
999 ^a ใช้งานได้ทุกระบบ
รายการนี้ยังไม่มีแท็ก
คุณยังไม่ได้ล็อกอิน คุณสามารถมีกิจกรรมร่วมกับเว็บไซต์ได้ แต่ต้องล็อกอินก่อน ::
  ล็อกอิน

รายการสื่อสารสนเทศ

ลำดับที่ ประเภท เลขเรียก/บาร์โค้ด สถานที่ สถานะ
- ไม่พบข้อมูล -

รายการใกล้เคียง
    หัวเรื่อง [นรีเวชวิทยา]

BibComment


ยังไม่เคยถูกคอมเมนท์

คอมเมนท์ทรัพยากรรายการนี้
  คอมเมนท์: นรีเวชวิทยา สมบู..


 Copyright 2026. Bcnsprnw @Library